000 00513nam a2200157 i 4500
001 87882
003 ES-MaACL
007 t|
008 041227s1906 fr ||||1| fre d
100 1 _aLacombe, Paul.
_969384
245 1 3 _aLa psychologie des individus et des sociétés chez Taine historien des littératures /
_cetude critique par Paul Lacombe.
260 _aParis :
_b[s.n.],
_c1906 (
_eVersailles :
_fImp. Cerf)
300 _aII, 374 p. ;
_c22 cm.
852 _aES-MaACL
_jB-6624
852 _aES-MaACL
_jB-6625
999 _c87882
_d87882